Grab Bag by Initials Quiz Stats

Quiz Updated Feb 7, 2017

Challenge
Share
Tweet
Embed
Score 0/65 Timer 12:00
7 Plays Today
Hint Answer % Correct
CountriesCambodia
98.3%
CountriesIceland
96.3%
CountriesUganda
96.2%
CountriesNamibia
96%
CountriesSaint Kitts and Nevis
95.1%
CountriesTaiwan
92.8%
CountriesEcuador
92.2%
CountriesRep. of the Congo
91.3%
Colors of Joseph's Technicolor DreamcoatRed
89.4%
Colors of Joseph's Technicolor DreamcoatOchre
88.9%
Colors of Joseph's Technicolor DreamcoatOlive
88.9%
CountriesOman
85.1%
ElementsNeodymium
84.8%
ElementsSamarium
84.5%
Most Populous US Cities (Top 100)Chandler, AZ
83.2%
Letters of the Greek AlphabetGamma
81.1%
ElementsTantalum
80.5%
Oscar Winner for Best PictureCasablanca
80.5%
ElementsLithium
80.2%
Letters of the Greek AlphabetEpsilon
77.9%
Most Populous US Cities (Top 100)Sacramento, CA
77.9%
Letters of the Greek AlphabetEta
77.9%
World CapitalsPalikir
77.2%
ElementsMagnesium
76.2%
World CapitalsLa Paz
75.9%
World CapitalsAbu Dhabi
73.8%
World CapitalsAbuja
73.8%
Olympic Host CitiesSalt Lake City
73.6%
Letters of the Greek AlphabetKappa
72.1%
World CapitalsCairo
71.8%
Original 151 PokémonParas
71.2%
World CapitalsTaipei
70.2%
World CapitalsSan Jose
69.4%
Hint Answer % Correct
Most Populous US Cities (Top 100)Indianapolis, IN
66%
Most Populous US Cities (Top 100)Irvine, CA
66%
Colors of Joseph's Technicolor DreamcoatScarlet
61%
Beatles No. 1's (UK or US)Lady Madonna
59.4%
Letters of the Greek AlphabetRho
59.2%
ElementsEinsteinium
58.1%
ElementsErbium
58.1%
ElementsEuropium
58.1%
Olympic Host CitiesOslo
55.7%
Colors of Joseph's Technicolor DreamcoatLemon
54.2%
Olympic Host CitiesTokyo
53.3%
Oscar Winner for Best PictureAll About Eve
48.5%
Colors of Joseph's Technicolor DreamcoatChocolate
45.8%
Most Populous US Cities (Top 100)Tampa, FL
45.2%
Olympic Host CitiesHelsinki
41.1%
Beatles No. 1's (UK or US)Eight Days a Week
41%
Beatles No. 1's (UK or US)Eleanor Rigby
41%
Oscar Winner for Best PictureOliver!
36.5%
Oscar Winner for Best PictureSchindler’s List
36.3%
World CapitalsIslamabad
33.4%
Original 151 PokémonMachamp
31.4%
Oscar Winner for Best PictureRain Man
27.7%
Beatles No. 1's (UK or US)She Loves You
25.8%
Original 151 PokémonOddish
25%
Original 151 PokémonOmanyte
25%
Original 151 PokémonEevee
24.8%
Beatles No. 1's (UK or US)All You Need Is Love
24.5%
Most Populous US Cities (Top 100)El Paso, TX
24.5%
Original 151 PokémonKabuto
22.7%
Original 151 PokémonNidoking
20.8%
Beatles No. 1's (UK or US)Ticket to Ride
15.3%
Beatles No. 1's (UK or US)Ballad of John & Yoko
6.7%

You're not logged in!

Compare scores with friends on all Sporcle quizzes.
Sign Up with Email
OR
Log In

You Might Also Like...

Show Comments

Extras

Top Quizzes Today


Score Distribution

Your Account Isn't Verified!

In order to create a playlist on Sporcle, you need to verify the email address you used during registration. Go to your Sporcle Settings to finish the process.